| 000 | 00000nam##2200000za#4500 |
| 001 | 9.572720 |
| 003 | CaOODSP |
| 005 | 20210624183343 |
| 007 | cr ||||||||||| |
| 008 | 150406|2006||||xxc|||||o f|0| 0 eng|d |
| 022 | |a1701-1280 |
| 040 | |aCaOODSP|beng |
| 043 | |an-cn--- |
| 086 | 1 |aFs70-4/2006-026E-PDF |
| 110 | 1 |aCanada. |bDepartment of Fisheries and Oceans. |
| 245 | 10|aAllowable harm analysis workshops for freshwater species at risk in Central and Arctic Region : |h[electronic resource]|bOctober 18-19, 2005, February 8-9, 2006, February 13-14, 2006, Burlington, ON / |c[by] B. Cudmore ... [et al.]. |
| 246 | 3 |aAteliers d’évaluation des dommages acceptables pour les espèces en péril d’eau douce dans la Région du Centre et de l’Arctique |
| 260 | |aBurlington - Ontario : |bFisheries and Oceans Canada |cNovember 2006. |
| 300 | |a20p.|btables |
| 490 | 1 |aCanadian Science Advisory Secretariat proceedings series|x1701-1280|v2006/026 |
| 546 | |aChiefly English, with bilingual summary. |
| 590 | |a11-32-Supp|b2011-12-20 |
| 720 | 1 |aCudmore, B. |
| 830 | #0|aProceedings series (Canadian Science Advisory Secretariat)|x1701-1280|v2006/026|w(CaOODSP)9.506483 |
| 856 | 40|ahttp://publications.gc.ca|qPDF|s108 KB|uhttps://publications.gc.ca/collections/collection_2011/mpo-dfo/Fs70-4-2006-026-eng.pdf|y2006/026 |